Normal view
MARC view
- Life Beyond the Grave
Entry Topical Term
001 - CONTROL NUMBER
- control field: 104336
003 - CONTROL NUMBER IDENTIFIER
- control field: NUST
005 - DATE AND TIME OF LATEST TRANSACTION
- control field: 20221207124445.0
008 - FIXED-LENGTH DATA ELEMENTS
- fixed length control field: 221207|| aca||aabn | a|a d
040 ## - CATALOGING SOURCE
- Original cataloging agency: NUST
- Transcribing agency: NUST
150 ## - HEADING--TOPICAL TERM
- Topical term or geographic name entry element: Life Beyond the Grave
670 ## - SOURCE DATA FOUND
- Source citation: Work cat.: (NUST)185433: Islam,Khawaja Muhammad 104335, The spectacle of death, 1980
